Central Library || Chittagong University

Marine biotechnology / (Record no. 112709)

MARC details
000 -LEADER
fixed length control field 00558nam a22002057a 4500
003 - CONTROL NUMBER IDENTIFIER
control field BD-ChCU
005 - DATE AND TIME OF LATEST TRANSACTION
control field 20260506095359.0
008 - FIXED-LENGTH DATA ELEMENTS--GENERAL INFORMATION
fixed length control field 260506b ii ||||| |||| 00| 0engd
020 ## - INTERNATIONAL STANDARD BOOK NUMBER
International Standard Book Number 9789354332227
040 ## - CATALOGING SOURCE
Transcribing agency BD-ChCU
082 ## - DEWEY DECIMAL CLASSIFICATION NUMBER
Edition number 23
Classification number 660.5 G721m
100 ## - MAIN ENTRY--PERSONAL NAME
Personal name Govil, Shubha Agarwal.
9 (RLIN) 22459
245 ## - TITLE STATEMENT
Title Marine biotechnology /
Statement of responsibility, etc. Shubha Agarwal Govil.
250 ## - EDITION STATEMENT
Edition statement 1ed.
260 ## - PUBLICATION, DISTRIBUTION, ETC.
Place of publication, distribution, etc. Mumbai :
Name of publisher, distributor, etc. Himalaya Pub.,
Date of publication, distribution, etc. 2020
300 ## - PHYSICAL DESCRIPTION
Extent 146 P. :
504 ## - BIBLIOGRAPHY, ETC. NOTE
Bibliography, etc. note Includes.
650 #0 - SUBJECT ADDED ENTRY--TOPICAL TERM
Topical term or geographic name entry element Marine biotechnology ; Marine biology.
9 (RLIN) 22461
942 ## - ADDED ENTRY ELEMENTS (KOHA)
Source of classification or shelving scheme Dewey Decimal Classification
Koha item type Books
Suppress in OPAC No
Holdings
Withdrawn status Lost status Source of classification or shelving scheme Damaged status Not for loan Home library Current library Shelving location Date acquired Source of acquisition Total Checkouts Full call number Barcode Date last seen Copy number Price effective from Koha item type
    Dewey Decimal Classification     Chittagong University Library Chittagong University Library Science Reading Room 05/06/2026 purchase   660.5 G721m 343425 05/06/2026 C-1 05/06/2026 Books
    Dewey Decimal Classification     Chittagong University Library Chittagong University Library Science Reading Room 05/06/2026 purchase   660.5 G721m 343426 05/06/2026 C-2 05/06/2026 Books
© Copyright 2026. Chittagong University Library, Installation and Maintenance by Prof. Dr. Md. Alamgir, 01711306253